<?xml version="1.0" encoding="UTF-8"?>
<collection xmlns:xsi="http://www.w3.org/2001/XMLSchema-instance" xsi:schemaLocation="http://www.loc.gov/MARC21/slim http://www.loc.gov/standards/marcxml/schema/MARC21slim.xsd" xmlns="http://www.loc.gov/MARC21/slim">
 <record>
  <leader>00000cmm a22000004i 4500</leader>
  <controlfield tag="001">UP-99796217611077450</controlfield>
  <controlfield tag="003">Buklod</controlfield>
  <controlfield tag="005">20140125090214.0</controlfield>
  <controlfield tag="006">m    go  j        </controlfield>
  <controlfield tag="007">cr |n |||auu|a</controlfield>
  <controlfield tag="008">101202s2011    xxu        u |      eng d</controlfield>
  <datafield tag="020" ind1=" " ind2=" ">
   <subfield code="a">9781441971043 (eBook)</subfield>
  </datafield>
  <datafield tag="020" ind1=" " ind2=" ">
   <subfield code="a">1441971041 (eBook)</subfield>
  </datafield>
  <datafield tag="035" ind1=" " ind2=" ">
   <subfield code="a">(iLib)UPD-00211304484</subfield>
  </datafield>
  <datafield tag="040" ind1=" " ind2=" ">
   <subfield code="a">DLC</subfield>
   <subfield code="d">DML</subfield>
  </datafield>
  <datafield tag="041" ind1="0" ind2=" ">
   <subfield code="a">eng</subfield>
  </datafield>
  <datafield tag="042" ind1=" " ind2=" ">
   <subfield code="a">DMLUC</subfield>
  </datafield>
  <datafield tag="084" ind1=" " ind2=" ">
   <subfield code="a">QP 356.3</subfield>
   <subfield code="b">N45 2010eb</subfield>
  </datafield>
  <datafield tag="245" ind1="1" ind2="0">
   <subfield code="a">Neurochemical mechanisms in disease</subfield>
   <subfield code="h">[electronic resource]</subfield>
   <subfield code="c">John P. Blass, editor.</subfield>
  </datafield>
  <datafield tag="264" ind1=" " ind2="1">
   <subfield code="a">New York</subfield>
   <subfield code="b">Springer</subfield>
   <subfield code="c">c2011.</subfield>
  </datafield>
  <datafield tag="300" ind1=" " ind2=" ">
   <subfield code="a">1 online resource (xv, 1000 p.)</subfield>
  </datafield>
  <datafield tag="490" ind1="1" ind2=" ">
   <subfield code="a">Advances in Neurobiology</subfield>
   <subfield code="x">2190-5215</subfield>
   <subfield code="v">1</subfield>
  </datafield>
  <datafield tag="505" ind1="0" ind2=" ">
   <subfield code="a">Mechanisms versus Diagnoses -- Molecular Mechanisms of Neuronal Death -- Animal Models of Neurodegenerative Diseases -- Vitamins and Vitamin Deficiencies -- Brain Edema in Neurological Disease -- Pathology of Monoamine Transporters -- Glutamate and Glutamine in Brain Disorders -- The X-linked Mental Retardation -- Cognitive Deficits in Neurodegenerative Disorders -- NFkappaB in Brain Diseases -- Trinucleotide-Expansion Diseases -- Neuroinflammation -- Neurochemistry of Autism -- RNA Pathologies in Neurological Disorders -- Pain -- Biology of Demyelinating Diseases -- Brain Protein Oxidation and Modification for Good or Bad in Alzheimer's Disease -- Oxidative Stress and Alzheimer Disease: Mechanisms and Therapeutic Opportunities -- Tau and Tauopathies -- Zinc, Zinc Transport and Sequestration Proteins in the Brain in the Progression of Alzheimer?s Disease -- The Genetics of Alzheimer's Disease and Parkinson?s Disease -- Nicotine Receptors in Brain Diseases -- Lysosomal Storage Disorders -- Genetic signaling in glioblastoma multiforme: a current overview.</subfield>
  </datafield>
  <datafield tag="506" ind1=" " ind2=" ">
   <subfield code="a">IP-based subscription, access limited to within on-campus computer network.</subfield>
   <subfield code="c">Access via Electronic Resources of the UPD University Library Website.</subfield>
  </datafield>
  <datafield tag="520" ind1=" " ind2=" ">
   <subfield code="a">This volume of Advances in Neurobiology deals with the Neurochemistry of disease, with chapters covering both human diseases and animal &quot;model&quot; disorders. Specific diseases are covered in chapters on neurodegenerations such as Alzheimer's and Parkinson's, on demyelinating diseases, on autism, and so on. This volume on Neurochemical Mechanisms in Disease strives to encourage more chemically based definitions of these and other diseases.</subfield>
  </datafield>
  <datafield tag="533" ind1=" " ind2=" ">
   <subfield code="a">Electronic reproduction.</subfield>
   <subfield code="b">New York</subfield>
   <subfield code="c">SpringerLink</subfield>
   <subfield code="d">c2011.</subfield>
   <subfield code="n">Available via World Wide Web through SpringerLink.</subfield>
  </datafield>
  <datafield tag="650" ind1=" " ind2="0">
   <subfield code="a">Neurochemistry.</subfield>
  </datafield>
  <datafield tag="650" ind1=" " ind2="0">
   <subfield code="a">Nervous system</subfield>
   <subfield code="x">Diseases.</subfield>
  </datafield>
  <datafield tag="650" ind1=" " ind2="0">
   <subfield code="a">Nervous system</subfield>
   <subfield code="x">Degeneration.</subfield>
  </datafield>
  <datafield tag="650" ind1=" " ind2="0">
   <subfield code="a">Demyelination.</subfield>
  </datafield>
  <datafield tag="650" ind1=" " ind2="0">
   <subfield code="a">Neurobiology.</subfield>
  </datafield>
  <datafield tag="650" ind1=" " ind2="0">
   <subfield code="a">Electronic books.</subfield>
  </datafield>
  <datafield tag="700" ind1="1" ind2=" ">
   <subfield code="a">Blass, John P.</subfield>
  </datafield>
  <datafield tag="710" ind1="2" ind2=" ">
   <subfield code="a">SpringerLink (Online Service).</subfield>
  </datafield>
  <datafield tag="830" ind1=" " ind2="0">
   <subfield code="a">Advances in Neurobiology</subfield>
   <subfield code="n">2190-5215</subfield>
   <subfield code="v">1</subfield>
  </datafield>
  <datafield tag="856" ind1="4" ind2="0">
   <subfield code="z">Available for University of the Philippines Diliman via SpringerLink. Click here to access</subfield>
   <subfield code="u">http://link.springer.com/book/10.1007/978-1-4419-7104-3</subfield>
  </datafield>
  <datafield tag="856" ind1=" " ind2=" ">
   <subfield code="z">(viewed 10 June 2014)</subfield>
  </datafield>
  <datafield tag="905" ind1=" " ind2=" ">
   <subfield code="a">FO</subfield>
  </datafield>
  <datafield tag="950" ind1=" " ind2=" ">
   <subfield code="a">Monograph</subfield>
  </datafield>
  <datafield tag="852" ind1="0" ind2=" ">
   <subfield code="a">UPD</subfield>
   <subfield code="b">DMLR</subfield>
  </datafield>
  <datafield tag="942" ind1=" " ind2=" ">
   <subfield code="a">Electronic Resource</subfield>
  </datafield>
 </record>
</collection>
